Жилищное право Практикум
Практикум содержит планы проведения практических занятий по жилищному праву задачи список необходимых нормативных актов и литературы. Задачи основаны на конкретных делах из судебной практики. Материал составлен с учетом действующего законодательства по состоянию на 1 июня 2024 г. Для обучающихся асп...
Spremljeno u:
| Glavni autor: | |
|---|---|
| Format: | Практикум |
| Izdanje: | 1 |
| Online pristup: | https://znanium.ru/catalog/document?id=465691 https://znanium.ru/cover/2213/2213445.jpg |
| Oznake: |
Dodaj oznaku
Bez oznaka, Budi prvi tko označuje ovaj zapis!
|
| LEADER | 02559nam0a2200313 i 4500 | ||
|---|---|---|---|
| 001 | RU\infra-m\znanium\bibl\2213445 | ||
| 003 | https://znanium.ru/catalog/document?id=465691 | ||
| 005 | 20250605000000.0 | ||
| 010 | |a 978-5-7924-2042-7 | ||
| 100 | |a 20250605d2025 m y0rusy0150 ca | ||
| 101 | 0 | |a rus | |
| 102 | |a RU | ||
| 200 | 1 | |a Жилищное право |e Практикум |f Саратовская государственная юридическая академия | |
| 205 | |a 1 | ||
| 210 | 1 | |a Саратов |c Саратовская государственная юридическая академия |d 2024 | |
| 215 | |a 72 с. | ||
| 330 | |a Практикум содержит планы проведения практических занятий по жилищному праву задачи список необходимых нормативных актов и литературы. Задачи основаны на конкретных делах из судебной практики. Материал составлен с учетом действующего законодательства по состоянию на 1 июня 2024 г. Для обучающихся аспирантов и преподавателей юридических вузов и факультетов а также для всех кто интересуется вопросами жилищного права России. | ||
| 333 | |a ВО - Бакалавриат | ||
| 606 | |a Право. Юридические науки |x Жилищное право |2 local | ||
| 608 | |a Практикум |2 local | ||
| 675 | |a 3494 |z rus | ||
| 686 | |a 67404 |2 rubbk | ||
| 686 | |a 40.03.01 |2 okso | ||
| 700 | 1 | |a Афанасьевская |b А.В. |g Анна Валерьевна |p Саратовская государственная юридическая академия | |
| 701 | 1 | |a Зайцева |b Ю.А. |g Юлия Алексеевна |p Саратовская государственная юридическая академия | |
| 701 | 1 | |a Рамзаева |b Л.Ю. |g Лариса Юрьевна |p Саратовская государственная юридическая академия | |
| 801 | 0 | |a RU |b Общество с ограниченной ответственностью «ЗНАНИУМ» |c 20250603 |2 rusmarc | |
| 856 | 4 | |a znanium.ru |m ebs_support@infra-m.ru |n НИЦ ИНФРА-М |u https://znanium.ru/catalog/document?id=465691 | |
| 856 | 4 | 1 | |a znanium.ru |d /cover/2213 |f 2213445.jpg |q image/jpeg |u https://znanium.ru/cover/2213/2213445.jpg |